000 00211nam a2200109Ia 4500
100 _a#N/A
650 _aGeneral
942 _cBK
245 _aINDIA TODAY
260 _bLIVING MEDIA
_aNew Delhi
546 _aENGLISH
999 _c20187
_d20187